Detalles MARC
| 000 -CABECERA |
| Longitud fija campo de control |
01827nam a2200457 c 4500 |
| 001 - NÚMERO DE CONTROL |
| Número de control |
47299 |
| 003 - IDENTIFICADOR DE NÚMERO DE CONTROL |
| Identificador del número de control |
ES-MaCES |
| 005 - FECHA Y HORA DE LA ÚLTIMA TRANSACCIÓN |
| Fecha y hora de la última transacción |
20240131040003.0 |
| 008 - CAMPO FIJO DE DESCRIPCIÓN FIJA--INFORMACIÓN GENERAL |
| Códigos de información de longitud fija |
160401s2016 sp 000 ||spa d |
| 017 ## - NÚMERO DE REGISTRO DE DERECHOS DE AUTOR Y DEPÓSITO LEGAL |
| Número de copyright o de depósito legal |
NA 293-2016 |
| Agencia que asigna el número |
DL |
| 020 ## - ISBN (INTERNATIONAL STANDARD BOOK NUMBER) |
| Número Internacional Normalizado para Libros (ISBN) |
9788490989791 |
| 040 ## - FUENTE DE CATALOGACIÓN |
| Centro catalogador de origen |
ES-MaCES |
| Lengua de catalogación |
spa |
| Centro transcriptor |
ES-MaCES |
| 100 1# - ENCABEZAMIENTO PRINCIPAL--NOMBRE PERSONAL |
| 9 (RLIN) |
36633 |
| Nombre de persona |
Morales Sequera, Susana |
| 245 13 - MENCIÓN DE TÍTULO |
| Título |
La descentralización de la educación no universitaria en España |
| Resto del título |
: efectos sobre la convergencia regional desde la perspectiva del gasto público |
| Mención de responsabilidad, etc. |
Tesis doctoral realizada por Susana Morales Sequera ; dir., Carmen Pérez Esparrells |
| 250 ## - MENCIÓN DE EDICIÓN |
| Mención de edición |
1ª ed |
| 260 ## - PUBLICACIÓN, DISTRIBUCIÓN, ETC (PIE DE IMPRENTA) |
| Lugar de publicación, distribución, etc. |
Cizur Menor (Navarra) |
| Nombre del editor, distribuidor, etc. |
Aranzadi-Thomson Reuters |
| Fecha de publicación, distribución, etc. |
2016 |
| 300 ## - DESCRIPCIÓN FÍSICA |
| Extensión |
447 p. |
| Dimensiones |
23 cm |
| 490 1# - MENCIÓN DE SERIE |
| Mención de serie |
Estudios |
| 500 ## - NOTA GENERAL |
| Nota general |
Precede al tít.: Universidad Autónoma de Madrid, Facultad de Ciencias Económicas y Empresariales, Departamento de Economía y Hacienda Pública |
| 500 ## - NOTA GENERAL |
| Nota general |
En la cub.: Monografías sobre la economía de la educación, Premio José Luis Moreno Becerra de Tesis doctorales |
| 504 ## - NOTA DE BIBLIOGRAFÍA, ETC. |
| Nota de bibliografía, etc. |
Bibliografía: p. 337-346 |
| 541 ## - NOTA DE LA FUENTE INMEDIANTE DE ADQUISICIÓN |
| Forma de adquisición |
Compra |
| 650 #4 - ASIENTO SECUNDARIO DE MATERIA--TÉRMINO DE MATERIA |
| Término de materia o nombre geográfico como elemento inicial |
descentralización |
| 9 (RLIN) |
27218 |
| 650 #4 - ASIENTO SECUNDARIO DE MATERIA--TÉRMINO DE MATERIA |
| Término de materia o nombre geográfico como elemento inicial |
sistema educativo |
| 9 (RLIN) |
27375 |
| 650 #4 - ASIENTO SECUNDARIO DE MATERIA--TÉRMINO DE MATERIA |
| Término de materia o nombre geográfico como elemento inicial |
evaluación del impacto |
| 9 (RLIN) |
30732 |
| 650 #4 - ASIENTO SECUNDARIO DE MATERIA--TÉRMINO DE MATERIA |
| Término de materia o nombre geográfico como elemento inicial |
gasto público |
| 9 (RLIN) |
28076 |
| 650 #4 - ASIENTO SECUNDARIO DE MATERIA--TÉRMINO DE MATERIA |
| Término de materia o nombre geográfico como elemento inicial |
presupuesto de la educación |
| 9 (RLIN) |
27398 |
| 650 #4 - ASIENTO SECUNDARIO DE MATERIA--TÉRMINO DE MATERIA |
| Término de materia o nombre geográfico como elemento inicial |
política educativa |
| 9 (RLIN) |
27373 |
| 650 #4 - ASIENTO SECUNDARIO DE MATERIA--TÉRMINO DE MATERIA |
| Término de materia o nombre geográfico como elemento inicial |
beca |
| 9 (RLIN) |
27403 |
| 650 #4 - ASIENTO SECUNDARIO DE MATERIA--TÉRMINO DE MATERIA |
| Término de materia o nombre geográfico como elemento inicial |
Comunidades Autónomas |
| 9 (RLIN) |
30768 |
| 650 #4 - ASIENTO SECUNDARIO DE MATERIA--TÉRMINO DE MATERIA |
| Término de materia o nombre geográfico como elemento inicial |
desigualdad regional |
| 9 (RLIN) |
29372 |
| 650 #4 - ASIENTO SECUNDARIO DE MATERIA--TÉRMINO DE MATERIA |
| Término de materia o nombre geográfico como elemento inicial |
España |
| 9 (RLIN) |
26964 |
| 650 #4 - ASIENTO SECUNDARIO DE MATERIA--TÉRMINO DE MATERIA |
| Término de materia o nombre geográfico como elemento inicial |
cuadros estadísticos |
| 9 (RLIN) |
28890 |
| 650 #4 - ASIENTO SECUNDARIO DE MATERIA--TÉRMINO DE MATERIA |
| Término de materia o nombre geográfico como elemento inicial |
tesis |
| 9 (RLIN) |
28995 |
| 653 10 - TÉRMINO DE INDEXACIÓN--NO CONTROLADO |
| Término no controlado |
Educación |
| 700 1# - ENCABEZAMIENTO SECUNDARIO--NOMBRE PERSONAL |
| 9 (RLIN) |
20766 |
| Nombre de persona |
Pérez Esparrells, Carmen |
| Término indicativo de función |
dir. |
| 710 2# - ENCABEZAMIENTO SECUNDARIO--NOMBRE CORPORATIVO |
| 9 (RLIN) |
5197 |
| Nombre de entidad o nombre de jurisdicción como elemento inicial |
Universidad Autónoma de Madrid |
| 830 #0 - ENCABEZAMIENTO SECUNDARIO DE COLECCIÓN--TÍTULO UNIFORME |
| Título uniforme |
Estudios (Thomson Reuters-Aranzadi) |
| 9 (RLIN) |
34937 |
| 902 ## - CES. TIPO DE DOCUMENTO |
| Tipodoc (006$c Sirtex) |
LIB Libro |
| 942 ## - ELEMENTOS KOHA |
| Fuente de clasificaión o esquema |
Clasificación propia del CES |
| Koha [por defecto] tipo de item |
Monografías |
| Parte de clasificación |
Educación |